| 000 | 00867nas a2200289 4500 | ||
|---|---|---|---|
| 001 | BR0806746 | ||
| 003 | BR-BrBNA | ||
| 005 | 20231205112146.0 | ||
| 007 | ta | ||
| 008 | 230509b bl.|||p| |||| 00| 00por d | ||
| 040 |
_aBR-BrBNA _bpor _cBiblioteca Nacional de Agricultura |
||
| 041 | _a(Pt) | ||
| 072 | _aL53 | ||
| 100 | 1 | _aRamos, A.K. de M. | |
| 100 | 1 | _aNeves, J.P. | |
| 100 | 1 | _aMcManus, C. | |
| 100 | 1 | _aLucci, C.M. | |
| 100 | 1 | _aCarneiro, H.C.R. | |
| 100 | 1 | _aAmaral, R. de S. | |
| 245 | 1 | _aAvaliação dos parâmetros ecográficos de desenvolvimento gestacional de ovinos da raça santa inês | |
| 650 | _aIDADE | ||
| 650 | _aOVINO | ||
| 650 | _aGESTAÇÃO | ||
| 773 | 0 |
_tCiência Animal Brasileira (Brazil) _xISSN 1518-2797 _g(Jul-Sep 2007), v. 8(3) p. 537-543 _wBR0806746 |
|
| 909 |
_a202311 _bLúcia _c55 _dLúcia Elande |
||
| 942 |
_2AGRIS _n0 _cANA |
||
| 999 |
_c196421 _d196421 |
||